| 000 | 00769cab a2200253 4500 | ||
|---|---|---|---|
| 001 | ABS59806 | ||
| 008 | 090401t1998 xxu||||| |||| 00| 0 eng d | ||
| 035 | _a(Sirsi) u90153 | ||
| 041 | _aeng | ||
| 100 | _aDixon, D | ||
| 245 | 4 | _aThe risk of radon gas and house purchases: part 2 | |
| 260 | _c1998 | ||
| 350 | _a0 | ||
| 490 |
_aEstate Agent _vNovember 1998, 26-27(2) |
||
| 520 | _aGuidelines for professional groups, following a publicity campaign by NRPB outlining how to measure and deal with properties which are situated in radon gas areas. (Part one: ABS59458) | ||
| 650 | _aEXPOSURE | ||
| 650 | _aHEALTH RISKS | ||
| 650 |
_aMeasurement _96256 |
||
| 650 | _aNRPB | ||
| 650 | _aRADON GAS | ||
| 690 | _aHOUSING | ||
| 942 | _n0 | ||
| 948 | _c04/12/1998 | ||
| 999 |
_c57114 _d57114 |
||